书目信息 |
| 题名: |
幸福女人的秘密花园
|
|
| 作者: | 林芬 编著 | |
| 分册: | ||
| 出版信息: | 北京 中国工人出版社 2003 |
|
| 页数: | 321页 | |
| 开本: | 21cm | |
| 丛书名: | 都市女性文丛 | |
| 单 册: | ||
| 中图分类: | Z228.4 | |
| 科图分类: | ||
| 主题词: | 女性--通俗读物 | |
| 电子资源: | ||
| ISBN: | 7-5008-3172-2 | |
| 000 | 00964oam2 2200301 45 | |
| 001 | 012003918742 | |
| 005 | 20040701083348.0 | |
| 009 | 012003918742 | |
| 010 | @a7-5008-3172-2@dCNY20.00 | |
| 035 | @a(110017)012004000565 | |
| 100 | @a20040322d2003 em y0chiy0110 ea | |
| 101 | 0 | @achi |
| 102 | @aCN@b110000 | |
| 105 | @aa z 000yy | |
| 200 | 1 | @a幸福女人的秘密花园@Axing fu nu ren de mi mi hua yuan@f林芬编著 |
| 210 | @a北京@c中国工人出版社@d2003 | |
| 215 | @a321页@c照片@d21cm | |
| 225 | 2 | @a都市女性文丛@v1 |
| 330 | @a本书包括修炼魅力和打造美丽两部分,内容包括女人的资本、魅力女人的十张底牌、爱情魅力、婚姻魅力等。 | |
| 461 | 0 | @12001 @a都市女性文丛@v1 |
| 510 | 1 | @aThe Secret Garden of Happy Woman@zeng |
| 606 | 0 | @a女性@j通俗读物 |
| 690 | @aZ228.4@v4 | |
| 701 | 0 | @a林芬@Alin fen@4编著 |
| 801 | 0 | @aCN@b021001@c20040330 |
| 905 | @aBZT@dZ228.4@e1 | |
| 906 | @dCNY20.00@n0@r1 | |
| 999 | @tA@Aqcr@a20040701 08:33:47@Gqcr@g20040701 08:33:51 | |
| 幸福女人的秘密花园/林芬编著.-北京:中国工人出版社,2003 |
| 321页:照片;21cm.-(都市女性文丛;1) |
| ISBN 7-5008-3172-2:CNY20.00 |
| 本书包括修炼魅力和打造美丽两部分,内容包括女人的资本、魅力女人的十张底牌、爱情魅力、婚姻魅力等。 |
| ● |
| 相关链接 |
|
|
|
正题名:幸福女人的秘密花园
索取号:Z228.4/1
 
预约/预借
| 序号 | 登录号 | 条形码 | 馆藏地/架位号 | 状态 | 备注 |
| 1 | 401726 | 210294242 | 中心书库北库/ 北库039架A面1列4层1/ [索取号:Z228.4/1] | 在馆 | |
| 2 | 401727 | 210295642 | 中心书库北库/ 北库039架A面1列4层7/ [索取号:Z228.4/1] | 在馆 | |
| 3 | 401728 | 210295633 | 中心书库北库/ 北库039架A面1列4层4/ [索取号:Z228.4/1] | 在馆 | |
| 4 | 401729 | 210289855 | 中心书库北库/ 北库039架A面1列4层6/ [索取号:Z228.4/1] | 在馆 | |
| 5 | 401730 | 210289837 | 中心书库北库/ 北库039架A面1列4层8/ [索取号:Z228.4/1] | 在馆 | |
| 6 | 401731 | 210289846 | 中心书库北库/ 北库039架A面1列4层9/ [索取号:Z228.4/1] | 在馆 | |
| 7 | 401732 | 210289819 | 中心书库北库/ 北库039架A面1列4层2/ [索取号:Z228.4/1] | 在馆 | |
| 8 | 401734 | 210289793 | 中心书库北库/ 北库039架A面1列4层5/ [索取号:Z228.4/1] | 在馆 | |
| 9 | 401735 | 210289800 | 中心书库北库/ 北库039架A面1列4层3/ [索取号:Z228.4/1] | 在馆 |